| 000 | 00469nam a2200169 4500 | ||
|---|---|---|---|
| 003 | OSt | ||
| 005 | 20221121104507.0 | ||
| 008 | 221117b |||||||| |||| 00| 0 eng d | ||
| 020 | _a0 948252 24 3 | ||
| 040 | _cBiblioteca Lado V | ||
| 082 |
_a708 _bW873h |
||
| 100 |
_9476 _aWood, Katherine _eeditora |
||
| 245 | _aHiraki Sawa/ | ||
| 260 |
_bCornerhouse Publications _aInglaterra _c2006 |
||
| 300 |
_a110p. _c13x20cm |
||
| 942 |
_2ddc _c1 _h708 _iW873h |
||
| 999 |
_c2701 _d2701 |
||